Statistiche per Stemmi Squadre di calcio - UEFA - Quiz n°27

Clicka qui per fare il quiz!

Statistiche generali

  • Questo quiz è stato fatto 42 volte
  • Il punteggio medio è 10 su 10

Statistiche sulle risposte

Risposta% Corretto
Ascoli Calcio 1898 FC
100%
Coventry City Football Club
100%
Spielvereinigung Greuther Fürth
100%
Toulouse Football Club
100%
Unión Deportiva Las Palmas
100%
Unione Sportiva Alessandria Calcio 1912
100%
L.R. Vicenza
97%
Manchester City Football Club
97%
Wolverhampton Wanderers Football Club
87%
Sportsko Društvo Partizan
72%

Distribuzione punteggi

Percentile per numero di risposta

Percentuale di utenti per punteggio

I tuoi punteggi nel tempo

Non hai fatto questo quiz